Les meilleurs joueurs par coupe du monde - Statistiques

Statistiques générales
  • Ce quiz a été pris 97 fois
  • Le résultat moyen est 6 sur 11
Statistiques - réponses
Hint Réponse % Correct
2014 lionel messi
99%
2022 lionel messi
98%
1998 ronaldo
87%
2006 zinedine zidane
86%
2018 luka modric
83%
1986 diego maradona
55%
2010 diego forlan
33%
2002 oliver kahn
33%
1994 romario
29%
1982 paolo rossi
22%
1990 toto schillaci
5%
Aucun quiz correspondant
Distribution des résultats
% des personnes avec chaque résultat
Percentile par nombre de réponses
Votre historique - résultats
Vous n’avez pas pris ce quiz